000 00323nam a22001337a 4500
008 170522b xxu||||| |||| 00| 0 eng d
020 _a1882864026
041 _aeng
080 _a94(7/8)
100 _a16
101 _ashh
245 _aHISTORICAL U.S TREASURY YIELD CURVES 1993 EDITION
_cCOLEMAN, TH.S
942 _2udc
_cBK
999 _c13633
_d13633